|
|
|
|
| LEADER |
00000nam0a2200000 4500 |
| 001 |
351159 |
| 005 |
20231102010356.0 |
| 035 |
|
|
|a (RuTPU)RU\TPU\retro\5786
|
| 090 |
|
|
|a 351159
|
| 100 |
|
|
|a 20190415d1980 m y0rusy5003 ca
|
| 101 |
0 |
|
|a rus
|
| 102 |
|
|
|a RU
|
| 105 |
|
|
|a a z 000ay
|
| 200 |
1 |
|
|a Василий Буслаев
|e поэма
|f С. С. Наровчатов
|
| 210 |
|
|
|a Москва
|c Детская литература
|d 1980
|
| 215 |
|
|
|a 94 с.
|c цв. ил.
|
| 606 |
1 |
|
|a Русская литература современная
|2 stltpush
|3 (RuTPU)RU\TPU\subj\26373
|9 50316
|
| 610 |
1 |
|
|a былины
|
| 610 |
1 |
|
|a Новгородская феодальная республика
|
| 610 |
1 |
|
|a 12 век
|
| 610 |
1 |
|
|a сказания
|
| 610 |
1 |
|
|a история
|
| 610 |
1 |
|
|a историческая литература
|
| 610 |
1 |
|
|a Новгород
|
| 686 |
|
|
|a Р2
|2 rubbk
|
| 700 |
|
1 |
|a Наровчатов
|b С. С.
|c русский писатель
|f 1919-1981
|g Сергей Сергеевич
|2 stltpush
|3 (RuTPU)RU\TPU\pers\8203
|9 1600
|
| 702 |
|
1 |
|a Кочупалов
|b В. Д.
|g Владимир Дмитриевич
|4 040
|
| 801 |
|
0 |
|a RU
|b RuMRKP
|c 19950704
|g psbo
|
| 801 |
|
1 |
|a RU
|b 63413507
|c 20190415
|
| 801 |
|
2 |
|a RU
|b 63413507
|c 20190416
|g RCR
|
| 942 |
|
|
|c BK
|